02313nam a22002177a 450000500170000002000320001704000340004908200150008310000180009824500970011625000280021326000480024130000260028950400350031550516490035054600090199965000170200865000290202565000220205470000190207620251006124109.0 a9781292257891cTZS 35,000/= aMCCLbeng.eAACR 2nd rev. ed. a658.72 CHO aChopra, Sunil aSupply chain management :bstrategy, planning, and operationc/Sunil Chopra and Peter Meindl a4th ed.bGlobal edition aHarlow, England:bPerson Education,cc2019. a528 p.:bill.;c26cm. aIncludes references and index  aPART I: BUILDING A STRATEGIC FRAMEWORK TO ANALYZE SUPPLY CHAINS Understanding the Supply ChainSupply Chain Performance: Achieving Strategic Fit and ScopeSupply Chain Drivers and Metrics PART II: DESIGNING THE SUPPLY CHAIN NETWORK Designing Distribution Networks and Applications to Online SalesNetwork Design in the Supply ChainDesigning Global Supply Chain Networks PART III: PLANNING AND COORDINATING DEMAND AND SUPPLY IN A SUPPLY CHAIN Demand Forecasting in a Supply ChainAggregate Planning in a Supply ChainSales and Operations Planning in a Supply ChainCoordination in a Supply Chain PART IV: PLANNING AND MANAGING INVENTORIES IN A SUPPLY CHAIN Managing Economies of Scale in a Supply Chain: Cycle Inventory Appendix 11A: Economic Order Quantity Managing Uncertainty in a Supply Chain: Safety Inventory Appendix 12A: The NormalAppendix 12B: The Normal Distribution in ExcelAppendix 12C: Expected Shortage per Replenishment CycleAppendix 12D: Evaluating Safety Inventory for Slow-Moving Items Linking Product Availability to Profits Appendix 13A: Optimal Level of Product AvailabilityAppendix 13B: An Intermediate EvaluationAppendix 13C: Expected Profit from an OrderAppendix13D: Expected Overstock from an OrderAppendix 13E: Expected Understock from an OrderAppendix 13F: Simulation Using Spreadsheets PART V: DESIGNING AND PLANNING TRANSPORTATION NETWORKS Transportation in a Supply Chain PART VI: MANAGING CROSS FUNCTIONAL DRIVERS IN A SUPPLY CHAIN Sourcing Decisions in a Supply ChainPricing and Revenue Management in a Supply ChainSustainability and the Supply Chain PART VII: ONLINE CHAPTER A. Information Technology in a Supply Chain aeng. aSupply chain aPlanning in supply chain aDemand and supply aMeindl, Peter